Revista andina / (Record no. 21850)

000 -CABECERA
fixed length control field 02196nam a22003737a 4500
003 - IDENTIFICADOR DEL NÚMERO DE CONTROL
control field AR-CdUCM
008 - DATOS DE LONGITUD FIJA--INFORMACIÓN GENERAL
fixed length control field 190425b ||||| |||| 00| 0 spa d
040 ## - FUENTE DE LA CATALOGACIÓN
Agencia/entidad que catalogó originalmente la obra MUNICIPALIDAD PROVINCIAL DEL CUSCO
Entidad que transcribió la catalogación BIBLIOTECA MUNICIPAL DEL CUSCO
082 ## - NÚMERO DE LA CLASIFICACIÓN DECIMAL DEWEY
No. de Clasificación Rev.Andi/N°28/1996
110 ## - ENTRADA PRINCIPAL--NOMBRE DE ENTIDAD CORPORATIVA
Nombre de la institución, jurisdicción como entrada principal Centro Bartolomé de Las Casas
9 (RLIN) 3293
245 ## - MENCIÓN DE TÍTULO
Título Revista andina /
Mención de responsabilidad Centro de estudios rurales andinos Bartolomé de Las Casas Cusco
260 ## - PUBLICACIÓN, DISTRIBUCIÓN, ETC.
Lugar de publicación, distribución, etc. Cusco :
Nombre de la editorial, distribuidor, etc. Centro Bartolomé de Las Casas,
Fecha de publicación, distribución, etc. 1996.
300 ## - DESCRIPCIÓN FÍSICA
Nº de Páginas Extensión 295-608 páginas. :
Dimensiones 23 cm.
440 ## - MENCIÓN DE SERIE/PUNTO DE ACCESO ADICIONAL--TÍTULO
Título Publicación Semestral del Centro Bartolomé de Las Casas Cusco.
Número de la parte/sección de una obra Año 14, Número 28, N°2, segundo semestre 1996.
9 (RLIN) 46438
505 ## - NOTA DE CONTENIDO CON FORMATO
Nota de contenido formateada Contenido: Donde el zapato aprieta tendencias y desafíos de la educación bilingüe en el Perú. Luis Enrique López. -- El catálogo 1633 de jesuitas insignes fallecidos en el Perú. Rafael Vargas-Hidalgo. -- Textos aimaras en Guamán Poma. Marco A. Farrell R. -- El sistema de elementos gramaticales evidénciales o validadores en Quechua-Aru y Guaraní paraguayo estudio comparativo. Germán de Granda de Granda. -- Imaginando lo imaginado las narrativas de las naciones bolivianas. Michelle Bigenho. -- Juan Solano, O. P. 1505 ca-1580 segundo obispo de Cuzco, y la fundación del “Colegium S. Thomas de Urbe”. Carlo Longo. -- Leyes nuevas y perfil de tributación gobernación de Popayan 1543-1562. Carmen Beatriz Loza. -- Educación bilingüe e interculturalidad en los Andes y la Amazonía. Juan Carlos Godenzzi.
650 ## - PUNTO DE ACCESO ADICIONAL DE MATERIA--TÉRMINO DE MATERIA
Descriptor Educación bilingüe
9 (RLIN) 22011
650 ## - PUNTO DE ACCESO ADICIONAL DE MATERIA--TÉRMINO DE MATERIA
Descriptor Jesuitas
9 (RLIN) 25162
650 ## - PUNTO DE ACCESO ADICIONAL DE MATERIA--TÉRMINO DE MATERIA
Descriptor Gramática Quechua
9 (RLIN) 46439
650 ## - PUNTO DE ACCESO ADICIONAL DE MATERIA--TÉRMINO DE MATERIA
Descriptor Gramática Aru
9 (RLIN) 46440
650 ## - PUNTO DE ACCESO ADICIONAL DE MATERIA--TÉRMINO DE MATERIA
Descriptor Narrativa boliviana
9 (RLIN) 10380
650 ## - PUNTO DE ACCESO ADICIONAL DE MATERIA--TÉRMINO DE MATERIA
Descriptor Fray Juan Solano
9 (RLIN) 46441
650 ## - PUNTO DE ACCESO ADICIONAL DE MATERIA--TÉRMINO DE MATERIA
Descriptor Obispos del Cusco
9 (RLIN) 45953
700 ## - PUNTO DE ACCESO ADICIONAL--NOMBRE DE PERSONA
Nombre Personal López, Luis Enrique
9 (RLIN) 8599
700 ## - PUNTO DE ACCESO ADICIONAL--NOMBRE DE PERSONA
Nombre Personal Vargas Hidalgo ,Rafael
9 (RLIN) 46437
700 ## - PUNTO DE ACCESO ADICIONAL--NOMBRE DE PERSONA
Nombre Personal Farrell, Marco
9 (RLIN) 46442
700 ## - PUNTO DE ACCESO ADICIONAL--NOMBRE DE PERSONA
Nombre Personal De Granda, Germán
9 (RLIN) 46421
700 ## - PUNTO DE ACCESO ADICIONAL--NOMBRE DE PERSONA
Nombre Personal Bigenho, Michelle
9 (RLIN) 46443
700 ## - PUNTO DE ACCESO ADICIONAL--NOMBRE DE PERSONA
Nombre Personal Longo, Carlo
9 (RLIN) 46444
700 ## - PUNTO DE ACCESO ADICIONAL--NOMBRE DE PERSONA
Nombre Personal Loza, Carmen Beatriz
9 (RLIN) 46313
700 ## - PUNTO DE ACCESO ADICIONAL--NOMBRE DE PERSONA
Nombre Personal Godenzzi, Juan Carlos
9 (RLIN) 7427
942 ## - ELEMENTOS DE PUNTO DE ACCESO ADICIONAL (KOHA)
Fuente de clasificación
Tipo de item Revistas cusqueñas
945 ## - PROCESAMIENTO DE INFORMACIÓN LOCAL (OCLC)
Catalogador rac
Holdings
Estado de retiro (separado) Fuente de clasificación o esquema de estanterías Estado dañado Ubicación Sala donde se ubica Nombre de la colección Fecha de adquisición o compra Costo, precio normal en soles Signatura topográfica Código de Barras Última vez visto (Koha) Tipo de ítem (Koha)
No     Sala Hemeroteca Sala Hemeroteca Book Cart 2021-08-26 10.00 Rev.Andi/N°28/1996 REVC000326 2021-08-26 Revistas cusqueñas

Powered by Koha